|
|
|
|
| LEADER |
00000nam0a2200000 4500 |
| 001 |
202579 |
| 005 |
20231031185410.0 |
| 035 |
|
|
|a (RuTPU)RU\TPU\book\220743
|
| 090 |
|
|
|a 202579
|
| 100 |
|
|
|a 20111015d1990 k y0rusy50 ca
|
| 101 |
0 |
|
|a rus
|
| 102 |
|
|
|a RU
|
| 105 |
|
|
|a a z 101zy
|
| 200 |
1 |
|
|a Материалы V Всесоюзной научной конференции по защите от ионизирующих излучений ядерно-технических установок, Протвино, 19-21 сентября 1989 г.
|f Институт физики высоких энергий (ГНЦ ИФВЭ)
|
| 210 |
|
|
|a Протвино
|d 1990
|
| 215 |
|
|
|a 246 с.
|c ил.
|
| 320 |
|
|
|a Библиография в конце докладов.
|
| 610 |
1 |
|
|a ядерно-физические установки
|
| 610 |
1 |
|
|a ионизирующие излучения
|
| 610 |
1 |
|
|a защита
|
| 610 |
1 |
|
|a ускорители заряженных частиц
|
| 610 |
1 |
|
|a космическое пространство
|
| 610 |
1 |
|
|a перенос излучения
|
| 610 |
1 |
|
|a метод Монте-Карло
|
| 610 |
1 |
|
|a расчеты
|
| 610 |
1 |
|
|a программы вычислений
|
| 610 |
1 |
|
|a уравнения
|
| 610 |
1 |
|
|a численные методы
|
| 610 |
1 |
|
|a физические технологии
|
| 610 |
1 |
|
|a экспериментальные исследования
|
| 610 |
1 |
|
|a спектрометры
|
| 610 |
1 |
|
|a детекторы
|
| 610 |
1 |
|
|a радиационная защита
|
| 610 |
1 |
|
|a оптимизация
|
| 610 |
1 |
|
|a САПР
|
| 610 |
1 |
|
|a система автоматизированного проектирования
|
| 610 |
1 |
|
|a конференции
|
| 675 |
|
|
|a 621.039.538(063)
|v 3
|
| 712 |
0 |
2 |
|a Институт физики высоких энергий (ГНЦ ИФВЭ)
|c Государственный научный центр Российской Федерации
|c (Протвино)
|2 stltpush
|3 (RuTPU)RU\TPU\col\164
|
| 712 |
0 |
2 |
|a Защита от ионизирующих излучений ядерно-технических установок
|b конференция
|d 5
|e Протвино
|f 1989
|
| 801 |
|
1 |
|a RU
|b 63413507
|c 20111015
|
| 801 |
|
2 |
|a RU
|b 63413507
|c 20111025
|g RCR
|
| 942 |
|
|
|c BK
|